The statistical verification of social and economic theory /

Bibliographic Details
Main Author: Stamp, Josiah, Sir, 1880-1941
Format: Book
Language:English
Published: London : Oxford university press, H. Milford, 1927.
Series:Barnett house papers ; no. 10.
Subjects:

MARC

Tag First Indicator Second Indicator Subfields
LEADER 00000cam a2200000 4500
001 in00000054304
005 20151008052016.0
008 800509s1927 enk 00010 engea
010 |a agr28000054  
035 |a (OCoLC)06299593 
035 |9 AAH1199AM 
040 |a DLC  |c TXA  |d TXA  |d UtOrBLW 
049 |a TXAM  |c [188219] 
050 0 |a HB71  |b .S77 
082 0 |a 330.1 
092 |a 330.1  |b S783s 
100 1 |a Stamp, Josiah,  |c Sir,  |d 1880-1941. 
245 1 4 |a The statistical verification of social and economic theory /  |c by Sir Josiah Stamp ... Sidney Ball lecture, November 5, 1926. 
264 1 |a London :  |b Oxford university press, H. Milford,  |c 1927. 
300 |a 33 pages ;  |c 22 cm. 
336 |a text  |b txt  |2 rdacontent 
337 |a unmediated  |b n  |2 rdamedia 
338 |a volume  |b nc  |2 rdacarrier 
490 1 |a Barnett house papers,  |v no. 10 
650 0 |a Economics. 
650 0 |a Statistics. 
830 0 |a Barnett house papers ;  |v no. 10. 
999 |a MARS 
999 f f |s 586a5c1d-1b4e-347b-ad86-aff0c8ee6209  |i 67fe5920-b277-3377-a7a9-d175068e70cc  |t 0 
952 f f |p ric  |a Texas A&M University  |b Rellis Campus  |c Joint Library Facility  |d Remote Storage  |t 0  |e HB71 .S77  |h Library of Congress classification  |i unmediated -- volume  |m A14800692618 
998 f f |a HB71 .S77  |t 0  |l Remote Storage